000 00376 a2200169 4500
001 73673
020 _a8508011660
040 _cAnchieta - Colégio São Paulo
100 _aMattos, Maria Isabel L. de
240 1 0 _aComputador e ensino
_lpor
245 1 0 _aComputador e ensino
300 _a96
362 0 _a1986
440 1 _aÁtica
650 4 _aPortuguês
942 _cBK
999 _c73673
_d73673